Knowledge and Industrial Organization
Saved in:
| Other Authors: | |
|---|---|
| Format: | Book |
| Language: | English |
| Published: |
Berlin
Springer
1989
|
| Edition: | 1. ed. |
| Subjects: | |
| Tags: |
No Tags, Be the first to tag this record!
|
MARC
| LEADER | 00000nam a2200000 4500 | ||
|---|---|---|---|
| 001 | c027848 | ||
| 005 | 20250526065436.7 | ||
| 041 | 0 | |a eng | |
| 044 | |a DE | ||
| 245 | 1 | 0 | |a Knowledge and Industrial Organization |c Edit. Ake E. Andersson |
| 250 | |a 1. ed. | ||
| 264 | 1 | |a Berlin |b Springer |c 1989 | |
| 300 | |a 310 s. | ||
| 610 | 2 | 0 | |a organizácia priemyslu |
| 610 | 2 | 0 | |a organizácia výroby |
| 610 | 2 | 0 | |a vedomosti |
| 700 | 1 | |a Andersson, Ake E. | |